Odgadnij kraje za pomocą informacji - Statystyki

Ogólne statystyki
  • Ten quiz został rozwiązany 923 razy
  • Średni wynik to 13 z 15
Statystyki odpowiedzi
Hint Odpowiedź % Poprawnych
Kraj który ma stolicę Warszawę Polska
99%
Państwo które jest największe na świecie Rosja
98%
Kraj który ma kolor flagi Czarny żółty i czerwony i jest sąsiadem Polski Niemcy
95%
Państwo które graniczy z francją i z portugalią Hiszpania
94%
Kraj który WYMYŚLIŁ MCDONALDS!!! :p Stany Zjednoczone
94%
Kraj który ma stolicę Tokio Japonia
93%
Kraj który miał państwo Rzymskie. Włochy
93%
Państwo które ma Wieże aifle (psst nie umiem pisać i nie piszcie że pisze sie tak rak i ble) Francja
92%
Kraj który ma stolicę Londyn! Wielka Brytania
91%
Państwo które jest najmniejsze na świecie Watykan
90%
Kraj który znalazł chorobę Wuhan Chiny
86%
Kraj który jest na środkowej skandynawii Szwecja
84%
Kraj który ma stolice Ottawa Kanada
83%
Kraj neutralny w europie Szwajcaria
74%
Kraj który ma wojne domową z U.S.A Iran
35%
Nie znaleziono quizów pasujących do podanych kryteriów
Rozkład punktacji
Procent ludzi z każdym wynikiem
Percentyl według liczby udzielonych odpowiedzi
Twoja historia wyników
Nie rozwiązałeś tego quizu